The boy in the striped pyjamas / (Record no. 14386)
[ view plain ]
| 000 -LEADER | |
|---|---|
| fixed length control field | 00564nam a2200217 a 4500 |
| 001 - CONTROL NUMBER | |
| JCCL Control Number | 14386 |
| 003 - CONTROL NUMBER IDENTIFIER | |
| JCCL marc code | BD-JhCC |
| 005 - DATE AND TIME OF LATEST TRANSACTION | |
| control field | 20250907122515.0 |
| 008 - FIXED-LENGTH DATA ELEMENTS--GENERAL INFORMATION | |
| fixed length control field | 250907b20062008nyua|||| ||a| 001 0 eng d |
| 020 ## - INTERNATIONAL STANDARD BOOK NUMBER | |
| International Standard Book Number | 9781862305274 |
| 035 ## - SYSTEM CONTROL NUMBER | |
| system control number | (BD-JhCC)14386 |
| 040 ## - CATALOGING SOURCE | |
| Original cataloging agency | BD-JhCC |
| Modifying agency | BD-JhCC |
| 041 ## - LANGUAGE CODE | |
| Language code of Book | english |
| 082 ## - DEWEY DECIMAL CLASSIFICATION NUMBER | |
| Classification number | 823.92 |
| Author mark and Year | BOY 2008 |
| 100 ## - MAIN ENTRY--PERSONAL NAME | |
| Personal name | Boyne,John |
| 245 ## - TITLE STATEMENT | |
| Title | The boy in the striped pyjamas / |
| Statement of responsibility, etc | John Boyne. |
| 260 ## - PUBLICATION, DISTRIBUTION, ETC. (IMPRINT) | |
| Place of publication, distribution, etc | London; |
| Name of publisher, distributor, etc | Random House; |
| Date of publication, distribution, etc | 2008. |
| 300 ## - PHYSICAL DESCRIPTION | |
| Pagination | 215 p. : |
| Other physical details | ill; |
| Dimensions | 20 cm. |
| 650 ## - SUBJECT ADDED ENTRY--TOPICAL TERM | |
| Topical term or geographic name as entry element | Friendship Fiction |
| 942 ## - ADDED ENTRY ELEMENTS (KOHA) | |
| Source of classification or shelving scheme | Dewey Decimal Classification |
| Koha item type | Books |
| Source of classification or shelving scheme | Damaged status | Not for loan | Collection code | Home library | Current library | Shelving location | Date of accession | Cost, normal purchase price | Full call number | Barcode | Date last seen | Copy number | Method of acquisition | Koha item type | Currency |
|---|---|---|---|---|---|---|---|---|---|---|---|---|---|---|---|
| Dewey Decimal Classification | Fiction | JCC Rouf Library | JCC Rouf Library | General Stacks | 09/14/2025 | 638.00 | 823.92 BOY 2008 | 20238 | 09/07/2025 | C-1 | Purchase | Books | BDT | ||
| Dewey Decimal Classification | Fiction | JCC Rouf Library | JCC Rouf Library | General Stacks | 09/14/2025 | 823.92 BOY 2008 | 20237 | 09/14/2025 | C-2 | Purchase | Books | BDT |